000 03045cam a22005534i 4500
003 PE-LiUPU
005 20250731173133.0
008 150623s1997 sp a r 000 0 spa d
020 _a8476459343
035 _a(Sirsi) i9788476459348
040 _aPE-LiUPU
_bspa
_cPE-LiUPU
_dPE-LiUPU
_erda
049 _aPRUA
082 0 4 _a221.077
_bE232
_221
100 1 _aEdersheim, Alfred,
_eautor.
245 1 0 _aComentario histórico al Antiguo Testamento :
_bde Josué a Salomón.
_n2 /
_cAlfred Edersheim.
264 1 _aTerrassa, Barcelona :
_bClie,
_c1997.
300 _a419 páginas :
_bilustraciones ;
_c22 centímetros
336 _atext
_2rdacontent
337 _aunmediated
_2rdamedia
338 _avolume
_2rdacarrier
505 0 _aIsrael en Canán en bajo Josué y los jueces -- El paso del Jordán -- Conquista y reparto de la tierra -- Los jueces -- Israel en Canaán Bajo Samuel, Saúl y David -- Samuel y Saúl -- De David a Salomón.
526 _aSEG42
526 _aSEG41
526 _aSEG40
526 _aSEG39
526 _aP94
526 _aP87
526 _aP86
526 _aP85
526 _aP77
526 _aP76
526 _aP35
541 _g001-0000127;
630 _aBiblia.
_pA.T.
_pJosué-Salomón
_xComentarios.
942 _2ddc
_cBOOK
949 _a221.077 E23 2
_wDEWEY
_c1
_i56421
_d2016-9-14
_e2016-9-11
_lCCODEBUL1
_mBUL
_n3
_p16.00
_r0
_sY
_tBOOK
_u2015-6-24
_xTEOLOGIA
_PP35
_0COMPRA
_o.STAFF. Colección Teología
949 _a221.077 E23 2
_wDEWEY
_c2
_i53035
_d2015-11-22
_e2015-11-19
_lCCODEBUL1
_mBUL
_n2
_p23.00
_r0
_sY
_tBOOK
_u2015-6-24
_xTEOLOGIA
_PP35
_0COMPRA
_o.STAFF. Colección Teología
949 _a221.077 E23 2
_wDEWEY
_c3
_i55033
_lCCODEBUL1
_mBUL
_p21.21
_r0
_sY
_tBOOK
_u2015-6-24
_xTEOLOGIA
_PP35
_0COMPRA
_o.STAFF. Colección Teología
949 _a221.077 E23 2
_wDEWEY
_c4
_i55481
_d2016-6-13
_e2016-6-6
_lCCODEBUL1
_mBUL
_n2
_r0
_sY
_tBOOK
_u2015-6-24
_xTEOLOGIA
_PP35
_0COMPRA
_o.STAFF. Colección Teología
994 _aC0
_bPEPRU
596 _a1
999 _a221.077 E23 2
_wDEWEY
_c33789
_i56421
_d33789
_e2019-11-19
_f2021-11-9
_g5
_lCCODEBUL1
_mBUL
_n4
_p16.00
_q1
_r0
_sY
_tBOOK
_u2015-6-24
_xTEOLOGIA
_PP35
_0COMPRA
_o.STAFF. Colección Teología
999 _a221.077 E23 2
_wDEWEY
_c2
_i53035
_d2018-10-10
_e2018-10-4
_f2021-11-9
_g5
_lCCODEBUL1
_mBUL
_n3
_p23.00
_q4
_r0
_sY
_tBOOK
_u2015-6-24
_xTEOLOGIA
_PP35
_0COMPRA
_o.STAFF. Colección Teología
999 _a221.077 E23 2
_wDEWEY
_c3
_i55033
_d2019-8-19
_f2021-11-9
_g5
_lCCODEBUL1
_mBUL
_p21.21
_q1
_r0
_sY
_tBOOK
_u2015-6-24
_xTEOLOGIA
_PP35
_0COMPRA
_o.STAFF. Colección Teología
999 _a221.077 E23 2
_wDEWEY
_c4
_i55481
_d2019-11-24
_e2019-11-22
_f2021-11-9
_g5
_lCCODEBUL1
_mBUL
_n4
_p21.00
_r0
_sY
_tBOOK
_u2015-6-24
_xTEOLOGIA
_PP35
_0COMPRA
_o.STAFF. Colección Teología
980 _81
_gALBERTO SANCHEZ Responsable de Automatización